000 00334nam a2200121Ia 4500
008 180117s9999 xx 000 0 und d
100 _aby Samantha Isabel Coronado
245 4 _aThe Anatomy of a Millenial Traveler
260 _c2016
300 _a16-18 pages, 2016 January 24
440 _aPhilippine Panorama
650 _aMILLENIAL
999 _c353337
_d353337